000 00326nam a2200121 4500
008 180213b xxu||||| |||| 00| 0 eng d
100 _926391
_aPujalte Jr., Jose
245 _aDeath sleep/
_cJose Pujalte Jr.
260 _aPhilippines
_bManila Bulletin
_cc2017
300 _apage 12.
650 0 _926392
_aSleep.
942 _2ddc
_cPER
999 _c8579
_d8579